00754nac a22001811u 4500082001300000090001500013100003400028110004400062245007700106260007400183300002800257500011500285650002100400650001200421942001700433999001500450952010700465 a671.5212 c4121d4121 a20080729  aJames F. Lincoln ARC Welding Foundation aArc welded projects /cJames F. Lincoln ARC Welding FoundationnVolume 2 aCleveland, Ohio :bJames F. Lincoln Arc Welding Foundation,1978c1978 a272 p. :bill. ;c28 cm a"Volume II. Published as an aid to teaching shop skills and to designing and fabricating arc welded projects." aElectric welding aWelding cBBk671.5212 c4121d4121 00104070aMAINbMAINc1STd2007-08-22ePurchasel1o671.5212 ARCp000000016r2025-07-15 00:00:00yBB